000 00327 a2200157 4500
001 182780
020 _a85-00-10983-1
040 _cMagnum
100 _aShakespeare, William
240 1 0 _aHamleto
_lpor
245 1 0 _aHamleto
300 _a150
440 1 _aEdiouro
697 _aLITERATURA GERAL ESTRANGEIRA
942 _cBK
999 _c182780
_d182780